El ministerio y la vida de los sacerdotes (Record no. 189848)

MARC details
000 -LEADER
campo de control de longitud fija 00818nam a2200229 i 4500
001 - NÚMERO DE CONTROL
campo de control 189848
003 - IDENTIFICADOR DE NÚMERO DE CONTROL
campo de control ES-MaACL
005 - FECHA Y HORA DE LA ÚLTIMA TRANSACCIÓN
campo de control 20230906223554.0
008 - DATOS DE LONGITUD FIJA--INFORMACIÓN GENERAL
campo de control de longitud fija 191205s1971 sp |||| | spa d
111 0# - ENTRADA PRINCIPAL--NOMBRE DE CONGRESO/REUNIÓN
Nombre de congreso/reunión o jurisdicción como elemento de entrada Concilio Vaticano (
Número del congreso/reunión o número de parte o sección 2º.
Fecha del congreso o de la firma del tratado 1962-1965)
9 (RLIN) 122
245 13 - MENCIÓN DEL TÍTULO
Título El ministerio y la vida de los sacerdotes
Resto del título : Decreto "Presbyterorum Ordinis" /
Mención de responsabilidad, etc. [comentarios Miguel Kuehn ; versión por Miguel Matilla].
260 ## - PUBLICACIÓN, DISTRIBUCIÓN, ETC.
Lugar de publicación, distribución, etc. Bilbao :
Nombre del editor, distribuidor, etc. Mensajero,
Fecha de publicación, distribución, etc. 1971.
300 ## - DESCRIPCIÓN FÍSICA
Extensión 173 p. ;
Dimensiones 19 cm.
490 1# - MENCIÓN DE SERIE
Mención de serie Colección "Vivir el Concilio" ;
Designación de volumen o secuencia 12
650 ## - PUNTO DE ACCESO ADICIONAL DE MATERIA--TÉRMINO DE MATERIA
Término de materia o nombre geográfico como elemento de entrada Sacerdocio.
9 (RLIN) 143867
700 1# - ENTRADA AGREGADA--NOMBRE PERSONAL
Nombre de persona Pablo
Numeración VI,
Títulos y otros términos asociados al nombre Papa, Santo.
9 (RLIN) 168351
700 1# - ENTRADA AGREGADA--NOMBRE PERSONAL
Nombre de persona Kuehn, Michel.
9 (RLIN) 169043
700 0# - ENTRADA AGREGADA--NOMBRE PERSONAL
Nombre de persona Matilla, Miguel.
9 (RLIN) 79074
830 0# - PUNTO DE ACCESO ADICIONAL DE SERIE-TÍTULO UNIFORME
Título uniforme Colección "Vivir el Concilio" ;
Designación de volumen o secuencia 12
9 (RLIN) 193434
852 ## - LOCALIZACIÓN
Ubicación ES-MaACL
Número de control de estantería P-1111-7
Holdings
Estatus retirado Estado de pérdida Estado de daño No para préstamo Biblioteca de origen Biblioteca actual Ubicación en estantería Fecha de adquisición Fuente de adquisición Total de préstamos Signatura topográfica completa Código de barras Visto por última vez Precio de reemplazo Tipo de ítem Koha
        Biblioteca del Ateneo de Madrid Biblioteca del Ateneo de Madrid Depósito 2 05/12/2019     P-1111-7 1201365 23/02/2023 23/02/2023 Libro impreso